[Event "26th WSCC 2016 Open 65+"]
[Site "Marianske Lazne, Czech Republic - Hotel Cristal and Continental"]
[Date "2016.11.23"]
[Round "5.9"]
[White "Kakageldyev, Amanmurad"]
[Black "Lederman, Leon"]
[Result "1/2-1/2"]
[WhiteElo "2373"]
[BlackElo "2280"]
[PlyCount "85"]
[EventDate "2016.11.19"]

1. d4 d5 2. c4 c6 3. Nf3 Nf6 4. Nc3 e6 5. e3 Nbd7 6. Qc2 Bd6 7. Bd2 O-O 8.
O-O-O Qe7 9. h3 dxc4 10. Bxc4 b5 11. Bd3 b4 12. Na4 c5 13. dxc5 Nxc5 14. Nxc5
Bxc5 15. Kb1 Bb7 16. e4 Nd7 17. Bc1 Rfc8 18. Qe2 a5 19. e5 Nf8 20. Ng5 a4 21.
Ne4 Bd5 22. Bg5 Qa7 23. Nxc5 Qxc5 24. Rc1 Qd4 25. Rhd1 Rxc1+ 26. Bxc1 Qa7 27.
Be3 Qb7 28. f3 Ng6 29. Bd2 Ne7 30. Rc1 Rd8 31. Ba6 Qb8 32. Qb5 b3 33. axb3 Qxb5
34. Bxb5 Bxb3 35. Bg5 Kf8 36. Bc4 h6 37. Bxe7+ Kxe7 38. Bxb3 axb3 39. Rc7+ Ke8
40. Kc1 Rd5 41. f4 g5 42. fxg5 hxg5 43. Rc3 1/2-1/2

[Event "26th WSCC 2016 Open 65+"]
[Site "Marianske Lazne, Czech Republic - Hotel Cristal and Continental"]
[Date "2016.11.23"]
[Round "5.10"]
[White "Harandi, Khosro"]
[Black "Tapper, Larry"]
[Result "1-0"]
[WhiteElo "2354"]
[BlackElo "2212"]
[PlyCount "103"]
[EventDate "2016.11.19"]

1. e4 d5 2. exd5 Nf6 3. Nc3 Nxd5 4. Bc4 Nb6 5. Bb3 c5 6. d3 Bf5 7. Qf3 Qd7 8.
a4 a5 9. Nge2 Nc6 10. Be3 e6 11. Nb5 Rc8 12. Qg3 Nb4 13. O-O N6d5 14. Rad1 h5
15. h4 Bg4 16. Rfe1 Nxe3 17. Qxe3 Be7 18. g3 Nd5 19. Bxd5 Qxd5 20. Nec3 Qf3 21.
Rd2 Rd8 22. Ne4 Rh6 23. Qxf3 Bxf3 24. Re3 Bg4 25. f3 Bf5 26. Kg2 Kf8 27. Rd1
Rg6 28. Rh1 e5 29. Nd2 f6 30. Nc4 Be6 31. b3 Ra8 32. Nc7 Bxc4 33. Nxa8 Bd5 34.
Nb6 Bc6 35. Nc4 Bd8 36. Kf2 Bc7 37. Rg1 Kf7 38. g4 hxg4 39. fxg4 Rh6 40. Rh3
Bd7 41. Ne3 Rh8 42. Ke2 Re8 43. Nd5 Bb8 44. Nc3 g6 45. h5 gxh5 46. Rxh5 Rg8 47.
Rh7+ Ke6 48. Ne4 Bc6 49. Rh6 Bxe4 50. dxe4 Bd6 51. g5 Be7 52. g6 1-0

[Event "26th WSCC 2016 Open 65+"]
[Site "Marianske Lazne, Czech Republic - Hotel Cristal and Continental"]
[Date "2016.11.23"]
[Round "5.11"]
[White "Pribyl, Josef"]
[Black "Pritchett, Craig W"]
[Result "1/2-1/2"]
[WhiteElo "2252"]
[BlackElo "2338"]
[PlyCount "86"]
[EventDate "2016.11.19"]

1. Nf3 c5 2. c4 Nc6 3. g3 g6 4. Bg2 Bg7 5. Nc3 e5 6. d3 Nge7 7. h4 h6 8. a3 d6
9. Bd2 Be6 10. Rb1 d5 11. cxd5 Nxd5 12. O-O Rc8 13. b4 cxb4 14. axb4 O-O 15. b5
Nd4 16. Nxd5 Bxd5 17. e4 Ba2 18. Rb2 Be6 19. Nxd4 Qxd4 20. Qa1 b6 21. Be3 Qd7
22. Rfb1 Rc3 23. Rd2 Rfc8 24. Bf1 f5 25. Qa4 Qf7 26. exf5 gxf5 27. Ra1 R8c7 28.
f4 Bb3 29. Qa3 Bd5 30. Qd6 e4 31. Re1 Kh7 32. dxe4 Bxe4 33. Kh2 Rc2 34. Rxc2
Rxc2+ 35. Re2 Qc4 36. Qd1 Rxe2+ 37. Qxe2 Qxe2+ 38. Bxe2 Bf6 39. h5 Kg7 40. Kh3
Kf7 41. Bc4+ Ke7 42. g4 fxg4+ 43. Kxg4 Bc2 1/2-1/2

[Event "26th WSCC 2016 Open 65+"]
[Site "Marianske Lazne, Czech Republic - Hotel Cristal and Continental"]
[Date "2016.11.23"]
[Round "5.12"]
[White "Kolbak, Jens"]
[Black "Renman, Nils-Gustaf"]
[Result "1/2-1/2"]
[WhiteElo "2189"]
[BlackElo "2352"]
[PlyCount "90"]
[EventDate "2016.11.19"]

1. e4 e6 2. d4 d5 3. e5 c5 4. c3 Nc6 5. Nf3 Nge7 6. Na3 cxd4 7. cxd4 Nf5 8. Nc2
Nb4 9. Bd2 Nxc2+ 10. Qxc2 Bd7 11. Qb3 Qb6 12. Qxb6 axb6 13. Bd3 Ne7 14. O-O Nc6
15. a3 Na5 16. Bc3 Be7 17. Nd2 O-O 18. f4 Rfc8 19. Rac1 Nc4 20. Nxc4 dxc4 21.
Be4 Bc6 22. Bf3 b5 23. Rcd1 Bxf3 24. Rxf3 Rd8 25. Rd2 Ra4 26. Kf2 g6 27. Ke2 h5
28. Rf1 Rd5 29. g3 Kf8 30. h3 Ke8 31. g4 hxg4 32. hxg4 b4 33. axb4 Bxb4 34. f5
gxf5 35. gxf5 Bf8 36. Rdd1 b5 37. fxe6 fxe6 38. Rf6 Be7 39. Rxe6 b4 40. Be1 Kd7
41. Rb6 Kc7 42. Re6 Kd7 43. Rb6 Ra2 44. Rb7+ Kd8 45. Rb1 Rxd4 1/2-1/2

[Event "26th WSCC 2016 Open 65+"]
[Site "Marianske Lazne, Czech Republic - Hotel Cristal and Continental"]
[Date "2016.11.23"]
[Round "5.13"]
[White "Plachetka, Jan"]
[Black "Haubt, Georg"]
[Result "1-0"]
[WhiteElo "2348"]
[BlackElo "2205"]
[PlyCount "119"]
[EventDate "2016.11.19"]

1. Nf3 Nf6 2. c4 c5 3. Nc3 d5 4. cxd5 Nxd5 5. g3 Nc6 6. Bg2 Nc7 7. d3 e5 8. Be3
Rb8 9. O-O Be7 10. Nd2 Bd7 11. Nc4 f6 12. a4 O-O 13. f4 exf4 14. Bxf4 Nb4 15.
Nb5 Nxb5 16. axb5 Bxb5 17. Bxb8 Qxb8 18. Qd2 Bc6 19. Qf4 a6 20. Qxb8 Rxb8 21.
Bxc6 Nxc6 22. Nb6 Rd8 23. Rfd1 Nb4 24. Rac1 f5 25. Kf1 Kf7 26. d4 Ke6 27. e3 g5
28. Ke2 f4 29. gxf4 gxf4 30. exf4 cxd4 31. Kf3 Nc6 32. Ke4 Bf6 33. Na4 Kf7 34.
Nc5 Re8+ 35. Kf3 Re3+ 36. Kf2 Nb4 37. Rc4 b6 38. Rxb4 bxc5 39. Rb7+ Kg6 40. Rc7
Rb3 41. Rxc5 Rxb2+ 42. Kg3 Rb3+ 43. Kg4 Re3 44. h4 Kf7 45. h5 Re7 46. Kf5 Rd7
47. Rdc1 Bd8 48. Ke4 Kf8 49. Rd5 Rxd5 50. Kxd5 Bf6 51. Ke6 Bh4 52. h6 Ke8 53.
Rc4 d3 54. Rd4 Bg3 55. f5 d2 56. Rxd2 Bf4 57. Rc2 Kd8 58. f6 Bxh6 59. f7 Bf8
60. Ra2 1-0

[Event "26th WSCC 2016 Open 65+"]
[Site "Marianske Lazne, Czech Republic - Hotel Cristal and Continental"]
[Date "2016.11.23"]
[Round "5.14"]
[White "Titz, Heimo"]
[Black "Werner, Clemens"]
[Result "0-1"]
[WhiteElo "2189"]
[BlackElo "2325"]
[PlyCount "94"]
[EventDate "2016.11.19"]

1. c4 e5 2. Nc3 Bb4 3. g3 Nf6 4. Bg2 O-O 5. d3 Re8 6. e4 c6 7. Nge2 d5 8. Qb3
Na6 9. O-O dxc4 10. dxc4 Bf8 11. Rd1 Qe7 12. Qc2 Be6 13. b3 Nb4 14. Qb1 Red8
15. Rxd8 Qxd8 16. Ba3 Qa5 17. Bxb4 Bxb4 18. Qc2 Rd8 19. Rd1 h6 20. Rd3 Kf8 21.
Qd2 Rxd3 22. Qxd3 Ke7 23. h3 Qc5 24. Kf1 Qd6 25. Qxd6+ Kxd6 26. Ke1 a5 27. Kd1
Nd7 28. Kc2 Nc5 29. Nc1 Bd7 30. Nd3 Bxc3 31. Nxc5 Kxc5 32. Kxc3 b5 33. cxb5
cxb5 34. h4 Bc6 35. f3 Bd7 36. Bf1 b4+ 37. Kd2 Kd4 38. Bc4 f6 39. h5 f5 40. Bd3
Be8 41. exf5 Bxh5 42. g4 Be8 43. Be4 Bb5 44. Bc2 Bc6 45. Bd1 e4 46. f4 e3+ 47.
Ke1 Ke4 0-1

[Event "26th WSCC 2016 Open 65+"]
[Site "Marianske Lazne, Czech Republic - Hotel Cristal and Continental"]
[Date "2016.11.23"]
[Round "5.15"]
[White "Malmdin, Nils-Ake"]
[Black "Giffard, Nicolas"]
[Result "1-0"]
[WhiteElo "2182"]
[BlackElo "2313"]
[PlyCount "41"]
[EventDate "2016.11.19"]

1. e4 c5 2. Nf3 e6 3. d4 cxd4 4. Nxd4 Nf6 5. Bd3 Nc6 6. Be3 Ne5 7. f4 Nxd3+ 8.
cxd3 d6 9. O-O Be7 10. Nc3 O-O 11. Kh1 e5 12. fxe5 dxe5 13. Nf5 Bxf5 14. Rxf5
Qb8 15. Bg5 Kh8 16. Qf3 Qd6 17. Bxf6 Bxf6 18. Nd5 Rad8 19. Rf1 Rg8 20. Qh3 Qd7
21. g4 1-0

[Event "26th WSCC 2016 Open 65+"]
[Site "Marianske Lazne, Czech Republic - Hotel Cristal and Continental"]
[Date "2016.11.23"]
[Round "5.16"]
[White "Golcman, Evgeny"]
[Black "Van Riemsdijk, Herman C"]
[Result "1/2-1/2"]
[WhiteElo "2164"]
[BlackElo "2309"]
[PlyCount "108"]
[EventDate "2016.11.19"]

1. c4 e6 2. Nc3 d5 3. d4 Nf6 4. Nf3 Bb4 5. Qb3 c5 6. cxd5 exd5 7. a3 Bxc3+ 8.
bxc3 O-O 9. Bg5 Nbd7 10. Bxf6 Nxf6 11. e3 Qa5 12. dxc5 Qxc5 13. Be2 Be6 14. O-O
b6 15. Rfc1 Rac8 16. Nd4 Rc7 17. Nb5 Re7 18. Nd4 Rc8 19. Rc2 Ne4 20. Rac1 Qd6
21. Ba6 Rd8 22. Be2 Nc5 23. Qb4 Bd7 24. Bb5 Re4 25. g3 h5 26. Be2 h4 27. Bf3
Re5 28. Rd2 Qg6 29. Qb1 Qh6 30. Bg2 hxg3 31. hxg3 Bh3 32. Nf3 Re6 33. Bxh3 Qxh3
34. Ng5 Qh5 35. Nxe6 fxe6 36. Rd4 Ne4 37. Rxe4 dxe4 38. Qxe4 Qf5 39. Qb7 Qf7
40. Qc6 Qd7 41. Qc4 Qd5 42. Qa4 Qd2 43. Rb1 Rf8 44. Rf1 Qxc3 45. Qxa7 Qc6 46.
Qe7 Rf6 47. Qd8+ Kf7 48. f3 Rxf3 49. Rxf3+ Qxf3 50. Qd7+ Kf6 51. Qd4+ Kg6 52.
Kh2 Qf2+ 53. Kh3 Qf1+ 54. Kh2 Qf2+ 1/2-1/2

[Event "26th WSCC 2016 Open 65+"]
[Site "Marianske Lazne, Czech Republic - Hotel Cristal and Continental"]
[Date "2016.11.23"]
[Round "5.17"]
[White "Boehnisch, Manfred"]
[Black "Furman, Boris"]
[Result "1-0"]
[WhiteElo "2297"]
[BlackElo "2207"]
[PlyCount "115"]
[EventDate "2016.11.19"]

1. e4 c5 2. Nf3 Nc6 3. Bb5 g6 4. O-O Bg7 5. Re1 Nf6 6. c3 O-O 7. h3 d5 8. e5
Ne8 9. d4 cxd4 10. cxd4 Nc7 11. Bxc6 bxc6 12. Nc3 f6 13. Na4 g5 14. Qc2 g4 15.
hxg4 Bxg4 16. exf6 exf6 17. Nh2 f5 18. Be3 Bh5 19. f3 Ne6 20. Rad1 Qd6 21. Nc5
Rae8 22. Nxe6 Rxe6 23. Bf2 Rg6 24. Qe2 Kh8 25. Qe7 Qb8 26. Re6 Rxe6 27. Qxe6
Qxb2 28. Qxc6 Qxa2 29. Nf1 Rg8 30. Rd2 Qa5 31. Kh2 Be8 32. Qe6 Qc7+ 33. g3 Qc1
34. Qe2 Bh5 35. Kg2 Re8 36. Qb5 Qc4 37. Qd7 Bh6 38. f4 Rg8 39. Qxf5 Bg6 40.
Qe5+ Bg7 41. Qe2 Be4+ 42. Kg1 Qc6 43. Qh5 Rb8 44. Rd1 Qc3 45. Nd2 Bc2 46. Re1
Bg6 47. Qxd5 Qxd2 48. f5 Re8 49. Rxe8+ Bxe8 50. Qe6 Qc1+ 51. Kg2 Bb5 52. f6
Bf1+ 53. Kh2 Bf8 54. Qe5 Qa3 55. d5 Qd6 56. Qa1 Bc4 57. f7+ Bg7 58. Bd4 1-0

[Event "26th WSCC 2016 Open 65+"]
[Site "Marianske Lazne, Czech Republic - Hotel Cristal and Continental"]
[Date "2016.11.23"]
[Round "5.18"]
[White "Kelleher, William"]
[Black "Sejkora, Vlastimil"]
[Result "1-0"]
[WhiteElo "2292"]
[BlackElo "2195"]
[PlyCount "117"]
[EventDate "2016.11.19"]

1. e4 c5 2. c3 Nf6 3. e5 Nd5 4. d4 cxd4 5. Nf3 e6 6. cxd4 b6 7. Nc3 Bb7 8. Bd3
Be7 9. O-O f5 10. exf6 Bxf6 11. Ne5 Bxe5 12. Qh5+ Kf8 13. dxe5 Nxc3 14. bxc3
Qe7 15. a4 Qf7 16. Ba3+ Kg8 17. Qh4 Na6 18. Be4 Bxe4 19. Qxe4 Qe8 20. Rad1 g6
21. Qb7 Qc8 22. Qxd7 h5 23. Rd6 Qxd7 24. Rxd7 Rh7 25. Rxh7 Kxh7 26. Rd1 Rc8 27.
Rd7+ Kg8 28. Rxa7 Rxc3 29. Rxa6 Rxa3 30. h4 Kf7 31. Kh2 Rb3 32. f3 b5 33. Ra7+
Kf8 34. a5 b4 35. Kg3 Ra3 36. a6 b3 37. Rb7 Rxa6 38. Kf4 b2 39. Kg5 Ra7 40.
Rxb2 Kg7 41. Rb6 Rf7 42. g4 Rxf3 43. Rxe6 hxg4 44. Rxg6+ Kh7 45. Kxg4 Rf1 46.
h5 Rf2 47. e6 Re2 48. Kf5 Rf2+ 49. Ke5 Re2+ 50. Kd6 Rd2+ 51. Kc7 Rc2+ 52. Kd7
Rd2+ 53. Ke8 Rd5 54. Kf7 Rxh5 55. Rf6 Kh8 56. e7 Rh7+ 57. Kf8 Rf7+ 58. Kxf7 Kh7
59. Ra6 1-0

[Event "26th WSCC 2016 Open 65+"]
[Site "Marianske Lazne, Czech Republic - Hotel Cristal and Continental"]
[Date "2016.11.23"]
[Round "5.19"]
[White "Shvedchikov, Anatoli I"]
[Black "Beltz, Robert"]
[Result "1/2-1/2"]
[WhiteElo "2281"]
[BlackElo "2135"]
[PlyCount "84"]
[EventDate "2016.11.19"]

1. c4 c5 2. Nf3 g6 3. d4 cxd4 4. Nxd4 Nc6 5. e4 Nf6 6. Nc3 d6 7. Be2 Nxd4 8.
Qxd4 Bg7 9. Be3 O-O 10. Qd2 a5 11. O-O a4 12. f3 Qa5 13. Rac1 Be6 14. Nd5 Qxd2
15. Nxe7+ Kh8 16. Bxd2 Rfe8 17. Nd5 Nxd5 18. cxd5 Bxd5 19. Bb5 Re5 20. Bxa4
Bxa2 21. b3 b5 22. Rc2 bxa4 23. Rxa2 d5 24. Rxa4 Rxa4 25. bxa4 dxe4 26. Rb1 h5
27. Bc3 Re8 28. Bxg7+ Kxg7 29. fxe4 Rxe4 30. Ra1 Re6 31. Kf2 Kf6 32. Kf3 g5 33.
a5 Ra6 34. Ke4 Ke6 35. Kd4 Kd6 36. Kc4 Kc6 37. Kb4 Kb7 38. Ra2 Re6 39. a6+ Ka7
40. Kc5 f5 41. Kd5 Re1 42. g3 Rf1 1/2-1/2

[Event "26th WSCC 2016 Open 65+"]
[Site "Marianske Lazne, Czech Republic - Hotel Cristal and Continental"]
[Date "2016.11.23"]
[Round "5.20"]
[White "Kende, Gyorgy Dr"]
[Black "Ruckschloss, Karol"]
[Result "0-1"]
[WhiteElo "2145"]
[BlackElo "2255"]
[PlyCount "64"]
[EventDate "2016.11.19"]

1. e4 d6 2. d4 g6 3. Nc3 Bg7 4. Be3 c6 5. Qd2 b5 6. O-O-O a5 7. Kb1 Nd7 8. h4
h5 9. Nh3 Nb6 10. Qe1 b4 11. Ne2 Nf6 12. f3 Qc7 13. Ng5 Nc4 14. Bc1 Nd7 15. Nf4
Ndb6 16. g4 e5 17. gxh5 gxh5 18. dxe5 Bxe5 19. Nd3 Bg7 20. Rg1 Bd4 21. Nf2 c5
22. f4 f6 23. Nf3 Bxf2 24. Qxf2 Bg4 25. b3 Na3+ 26. Bxa3 bxa3 27. Bb5+ Kd8 28.
e5 fxe5 29. Nxe5 Bxd1 30. Rxd1 Kc8 31. Ng6 Qg7 32. Ne5 dxe5 0-1

[Event "26th WSCC 2016 Open 65+"]
[Site "Marianske Lazne, Czech Republic - Hotel Cristal and Continental"]
[Date "2016.11.23"]
[Round "5.21"]
[White "Bratus, Petr P"]
[Black "Jorgensen, Jorgen"]
[Result "0-1"]
[WhiteElo "2140"]
[BlackElo "2217"]
[PlyCount "152"]
[EventDate "2016.11.19"]

1. Nf3 f5 2. g3 Nf6 3. Bg2 d6 4. d4 g6 5. O-O Bg7 6. c4 O-O 7. Nc3 c6 8. Qc2
Na6 9. b3 Bd7 10. Bb2 Rb8 11. e4 Nb4 12. Qe2 fxe4 13. Nxe4 Nxe4 14. Qxe4 Bf5
15. Qe2 Qd7 16. Qd2 c5 17. Nh4 Bh3 18. Rfe1 Bxg2 19. Kxg2 Bf6 20. Re4 d5 21.
cxd5 Qxd5 22. Rae1 Nc6 23. Nf3 Rbd8 24. h4 cxd4 25. g4 d3 26. Bxf6 exf6 27.
R1e3 Rd6 28. Kh3 Rfd8 29. Ne1 f5 30. gxf5 Qxf5+ 31. Kg3 Rd4 32. f3 Rxe4 33.
fxe4 Qe5+ 34. Kg2 Qf4 35. Nxd3 Qg4+ 36. Kf1 Qxh4 37. Qg2 Qf6+ 38. Qf2 Qc3 39.
Ne1 Qa1 40. Kg2 Rf8 41. Qd2 Rd8 42. Qe2 Ne5 43. Qc2 Qd1 44. Qxd1 Rxd1 45. Nf3
Nxf3 46. Kxf3 Rf1+ 47. Kg4 Kf7 48. Rc3 Ke6 49. Rc7 Rf7 50. Rc5 Kd6 51. Rd5+ Ke6
52. Rc5 b6 53. Rb5 Rc7 54. b4 Rc4 55. Kf4 Kf6 56. a4 h6 57. a5 g5+ 58. Kf3 bxa5
59. Rxa5 Rxb4 60. Ra6+ Rb6 61. Rxa7 h5 62. Ra5 Kg6 63. Ra8 Rb3+ 64. Kf2 g4 65.
Rg8+ Kf6 66. Rf8+ Kg5 67. Rf5+ Kh4 68. Kg2 Rb2+ 69. Kf1 g3 70. e5 Rb5 71. Kg2
Kg4 72. Rf8 Rxe5 73. Rg8+ Kh4 74. Rxg3 Re2+ 75. Kf1 Kxg3 76. Kxe2 Kg2 0-1

[Event "26th WSCC 2016 Open 65+"]
[Site "Marianske Lazne, Czech Republic - Hotel Cristal and Continental"]
[Date "2016.11.23"]
[Round "5.22"]
[White "Babula, Milan"]
[Black "Lang, Ferdinand"]
[Result "1-0"]
[WhiteElo "2210"]
[BlackElo "2133"]
[PlyCount "79"]
[EventDate "2016.11.19"]

1. e4 e5 2. Nf3 Nc6 3. Bb5 a6 4. Ba4 Nf6 5. O-O Be7 6. Re1 b5 7. Bb3 O-O 8. d3
d6 9. c3 Bg4 10. Nbd2 Na5 11. Bc2 c5 12. h3 Bh5 13. Nf1 Nd7 14. g4 Bg6 15. Ng3
Nb6 16. Kg2 Nc6 17. h4 f6 18. h5 Bf7 19. Nf5 Be6 20. Rh1 Rf7 21. Rh3 Kf8 22.
Rg3 Ke8 23. g5 Bxf5 24. exf5 fxg5 25. Nxg5 Bxg5 26. Bxg5 Qc8 27. Qe2 Kd7 28. d4
c4 29. dxe5 dxe5 30. Rd1+ Kc7 31. Be4 Qe8 32. Kg1 Rc8 33. b3 Ne7 34. Be3 Rb8
35. Bc5 Nec8 36. Qf3 Rd7 37. Rxd7+ Qxd7 38. f6 gxf6 39. Qxf6 Nd6 40. Qxe5 1-0

[Event "26th WSCC 2016 Open 65+"]
[Site "Marianske Lazne, Czech Republic - Hotel Cristal and Continental"]
[Date "2016.11.23"]
[Round "5.23"]
[White "Giulian, Philip M"]
[Black "Zilbert, Oleg"]
[Result "0-1"]
[WhiteElo "2133"]
[BlackElo "2208"]
[PlyCount "166"]
[EventDate "2016.11.19"]

1. d4 g6 2. c4 Bg7 3. e4 Nc6 4. Be3 e5 5. Ne2 d6 6. Nbc3 f5 7. exf5 gxf5 8.
dxe5 dxe5 9. Qxd8+ Nxd8 10. f4 e4 11. Nd4 c6 12. Be2 Nf6 13. O-O h5 14. Rfd1
Ng4 15. Bxg4 hxg4 16. Rd2 O-O 17. Rad1 Ne6 18. Nce2 Nxd4 19. Nxd4 Kf7 20. b3
Rd8 21. Kf2 Bf6 22. Kf1 a6 23. Ne2 Rxd2 24. Rxd2 Be6 25. Bb6 Rh8 26. Kg1 Bc8
27. Ng3 Be7 28. Nf1 Rh6 29. Kf2 Rd6 30. Ke3 c5 31. Rxd6 Bxd6 32. Ng3 Be6 33.
Ne2 Ke7 34. Nc3 Kd7 35. a4 Be7 36. a5 Bf6 37. Ne2 Kd6 38. Kf2 Bd7 39. Ke3 Bc6
40. h3 gxh3 41. gxh3 Bh4 42. Nc3 Be1 43. Na4 Bxa4 44. bxa4 Bh4 45. Ke2 Be7 46.
Ke3 Kd7 47. Kf2 Ke6 48. Kg3 Kf6 49. Bc7 Kg6 50. Kf2 Kh5 51. Kg3 Bh4+ 52. Kg2
Be1 53. Bd8 Bd2 54. Kg3 Be1+ 55. Kg2 Bh4 56. Bb6 Be7 57. Kg3 Kg6 58. Kf2 Kf7
59. Ke3 Ke6 60. Bc7 Bf6 61. Bb6 Kd6 62. Ke2 Kc6 63. Kf2 Bh4+ 64. Ke2 Kd6 65.
Kd2 Be7 66. Ke2 Kc6 67. Ke3 Bh4 68. Ke2 Bf6 69. Kf2 Be7 70. Ke3 Kd6 71. Ke2 Kd7
72. Kf2 Bd6 73. Ke3 Kc6 74. h4 Be7 75. h5 Kd7 76. h6 Ke8 77. h7 Bf6 78. Bxc5
Kf7 79. Bb4 Kg7 80. Bd2 Kxh7 81. Bb4 Kg6 82. Bd2 Kh5 83. Be1 Kg4 0-1

[Event "26th WSCC 2016 Open 65+"]
[Site "Marianske Lazne, Czech Republic - Hotel Cristal and Continental"]
[Date "2016.11.23"]
[Round "5.25"]
[White "Rooze, Jan"]
[Black "Joukl, Zdenek"]
[Result "1-0"]
[WhiteElo "2335"]
[BlackElo "2108"]
[PlyCount "75"]
[EventDate "2016.11.19"]

1. e4 c6 2. d4 d5 3. e5 Bf5 4. Nf3 e6 5. Be2 Ne7 6. O-O Bg6 7. Nbd2 Nd7 8. Nb3
Nf5 9. Bd2 Be7 10. g4 Nh4 11. Nxh4 Bxh4 12. f4 Be4 13. Bf3 Be7 14. Bxe4 dxe4
15. Qe2 Qc7 16. Qxe4 O-O-O 17. c4 Kb8 18. Rac1 b6 19. c5 Rc8 20. cxb6 axb6 21.
f5 exf5 22. Rxf5 f6 23. Bf4 g6 24. e6 Ne5 25. Bxe5 fxe5 26. Rf7 h5 27. dxe5
hxg4 28. Nd4 c5 29. Nb5 Qd8 30. Qa4 Rc7 31. Rd1 Qe8 32. Qa6 Qc6 33. Nxc7 g3 34.
Qa8+ Qxa8 35. Nxa8 gxh2+ 36. Kh1 Bd8 37. Rxd8+ Rxd8 38. e7 1-0

[Event "26th WSCC 2016 Open 65+"]
[Site "Marianske Lazne, Czech Republic - Hotel Cristal and Continental"]
[Date "2016.11.23"]
[Round "5.26"]
[White "Sloth, Jorn"]
[Black "Pacl, Vaclav"]
[Result "1/2-1/2"]
[WhiteElo "2312"]
[BlackElo "2104"]
[PlyCount "29"]
[EventDate "2016.11.19"]

1. d4 f5 2. c4 Nf6 3. Nc3 e6 4. Nf3 Bb4 5. Bd2 b6 6. g3 Bb7 7. Bg2 O-O 8. O-O
Bxc3 9. Bxc3 Ne4 10. Be1 Qf6 11. e3 c5 12. Qe2 Nc6 13. Rd1 Rad8 14. b3 Ba6 15.
Qb2 1/2-1/2

[Event "26th WSCC 2016 Open 65+"]
[Site "Marianske Lazne, Czech Republic - Hotel Cristal and Continental"]
[Date "2016.11.23"]
[Round "5.27"]
[White "Montero Martinez, Cristhian"]
[Black "Shevelev, Arkady"]
[Result "0-1"]
[WhiteElo "2089"]
[BlackElo "2283"]
[PlyCount "50"]
[EventDate "2016.11.19"]

1. e4 c6 2. d4 d5 3. exd5 cxd5 4. Bd3 Nc6 5. c3 Nf6 6. Bf4 g6 7. Nf3 Bg7 8. O-O
O-O 9. Nbd2 Nh5 10. Be3 Qc7 11. Re1 Nf4 12. Bf1 f5 13. Ne5 Nh3+ 14. gxh3 f4 15.
Ndf3 fxe3 16. Rxe3 Bf5 17. Qb3 e6 18. h4 Nxe5 19. Nxe5 Qe7 20. c4 Qxh4 21. cxd5
Bxe5 22. dxe5 Be4 23. Rxe4 Qxe4 24. dxe6 Rf5 25. Rd1 Rg5+ 0-1

[Event "26th WSCC 2016 Open 65+"]
[Site "Marianske Lazne, Czech Republic - Hotel Cristal and Continental"]
[Date "2016.11.23"]
[Round "5.28"]
[White "Hutchinson, Norman A"]
[Black "Vikulov, Alexander"]
[Result "1-0"]
[WhiteElo "2062"]
[BlackElo "2275"]
[PlyCount "97"]
[EventDate "2016.11.19"]

1. e4 c5 2. c3 Qa5 3. Nf3 Nc6 4. Na3 Nf6 5. e5 Nd5 6. Bc4 e6 7. O-O Nc7 8. d4
b5 9. Bd3 cxd4 10. cxd4 h6 11. Nb1 Bb7 12. Nc3 Ne7 13. Qe2 a6 14. Bd2 Qb6 15.
a4 b4 16. a5 Qa7 17. Ne4 Bxe4 18. Qxe4 Ned5 19. Rfc1 Rb8 20. Rc4 Be7 21. Qg4
Bf8 22. Be4 Rb5 23. Rac1 Rb7 24. Ne1 Kd8 25. Qf3 f5 26. exf6 gxf6 27. Bxd5 Nxd5
28. Rc8+ Ke7 29. Qh5 Bg7 30. Qg6 Rxc8 31. Qxg7+ Kd6 32. Rxc8 Qxd4 33. Qf8+ Ne7
34. Nf3 Qxb2 35. Re8 Qb1+ 36. Be1 Qh7 37. Qxf6 Nc6 38. Qf4+ Kc5 39. Ne5 Nxa5
40. Qe3+ Kb5 41. Rc8 Qb1 42. Rc5+ Ka4 43. Rc1 Qb2 44. Nd3 Qa3 45. Nc5+ Kb5 46.
Qe2+ Kc6 47. Qxa6+ Rb6 48. Na4+ Qxc1 49. Qxb6+ 1-0

[Event "26th WSCC 2016 Open 65+"]
[Site "Marianske Lazne, Czech Republic - Hotel Cristal and Continental"]
[Date "2016.11.23"]
[Round "5.29"]
[White "Dahlhaus, Friedhelm"]
[Black "Frick, Christoph"]
[Result "0-1"]
[WhiteElo "2052"]
[BlackElo "2275"]
[PlyCount "104"]
[EventDate "2016.11.19"]

1. e4 c6 2. d4 d5 3. exd5 cxd5 4. Bd3 Nc6 5. c3 Qc7 6. Ne2 Bg4 7. f3 Bd7 8. Bf4
e5 9. dxe5 Nxe5 10. Bxe5 Qxe5 11. O-O Bc5+ 12. Kh1 Nf6 13. Nd2 O-O-O 14. Nb3
Bd6 15. f4 Qe3 16. Rf3 Qb6 17. Qg1 Bc7 18. Qxb6 Bxb6 19. h3 Rhe8 20. Nbd4 Kb8
21. Kg1 Ne4 22. Rd1 Ba4 23. b3 Bd7 24. Bxe4 dxe4 25. Rff1 f5 26. Kf2 Re6 27.
Ke3 Rd6 28. Rd2 Be8 29. Ng3 Bb5 30. Rfd1 g6 31. c4 Be8 32. b4 R6d7 33. c5 Bc7
34. Ne6 Rxd2 35. Rxd2 Rxd2 36. Kxd2 Bf7 37. Nxc7 Kxc7 38. a3 Kc6 39. Nf1 Kb5
40. Kc3 Ka4 41. Ne3 Kxa3 42. g4 fxg4 43. hxg4 Ka4 44. f5 gxf5 45. Nxf5 Be6 46.
Nd6 Bxg4 47. Nxe4 h5 48. Nf2 Kb5 49. Ne4 h4 50. Nd6+ Kc6 51. Kd4 h3 52. b5+ Kc7
0-1

[Event "26th WSCC 2016 Open 65+"]
[Site "Marianske Lazne, Czech Republic - Hotel Cristal and Continental"]
[Date "2016.11.23"]
[Round "5.30"]
[White "Gamboa Gonzalez, Anibal"]
[Black "Gruzmann, Boris"]
[Result "0-1"]
[WhiteElo "2040"]
[BlackElo "2268"]
[PlyCount "94"]
[EventDate "2016.11.19"]

1. c4 g6 2. Nc3 Bg7 3. d4 Nf6 4. e4 d6 5. Nf3 O-O 6. Be2 Bg4 7. Be3 Nfd7 8. Qb3
Bxf3 9. Bxf3 Nc6 10. Rd1 e5 11. dxe5 Ndxe5 12. Be2 b6 13. f4 Ng4 14. Bg1 Na5
15. Qc2 Re8 16. g3 Nf6 17. e5 Nd7 18. b4 Nb7 19. Bf3 Rb8 20. Bc6 Qc8 21. Qa4
Nxe5 22. fxe5 Rxe5+ 23. Ne2 Qg4 24. Qc2 Nd8 25. Bg2 Ne6 26. Kf1 Rf5+ 27. Bf2
Re8 28. h3 Qg5 29. Be4 Re5 30. Bf3 Qf6 31. Bc6 Re7 32. Nc3 Nd4 33. Rxd4 Re1+
34. Kg2 Rxh1 35. Kxh1 Qe6 36. Kg2 Bxd4 37. Bxd4 Qxc4 38. Qf2 Qxc6+ 39. Kh2 f5
40. g4 f4 41. Qxf4 Rf7 42. Qe3 Qf3 43. Qe8+ Rf8 44. Qe6+ Qf7 45. Qe4 Qf4+ 46.
Qxf4 Rxf4 47. Ne2 Re4 0-1

[Event "26th WSCC 2016 Open 65+"]
[Site "Marianske Lazne, Czech Republic - Hotel Cristal and Continental"]
[Date "2016.11.23"]
[Round "5.31"]
[White "Sorensen, Bent"]
[Black "Kock, Hans-Uwe"]
[Result "1-0"]
[WhiteElo "2263"]
[BlackElo "2037"]
[PlyCount "167"]
[EventDate "2016.11.19"]

1. Nf3 Nf6 2. g3 g6 3. b3 c5 4. c4 Bg7 5. Bb2 O-O 6. Bg2 Nc6 7. O-O d6 8. d4
cxd4 9. Nxd4 Bd7 10. Nc3 Nxd4 11. Qxd4 Bc6 12. Nd5 Ne8 13. Qd2 Bxb2 14. Qxb2 e6
15. Ne3 Bxg2 16. Kxg2 f5 17. Rad1 Qc7 18. Nc2 Rf7 19. Nd4 Re7 20. Qd2 Rd8 21.
f3 a6 22. e4 e5 23. Nc2 Rf7 24. Ne3 Qc8 25. exf5 gxf5 26. Nd5 Rg7 27. Qh6 Qd7
28. Kh1 Qf7 29. Qh4 Rd7 30. Nb6 Rc7 31. Qd8 Qf8 32. Rd2 Rc6 33. Rfd1 Qe7 34.
Qxe7 Rxe7 35. Nd5 Re6 36. f4 Kf7 37. Rf1 e4 38. Ne3 Kg6 39. g4 Ng7 40. Rd5 Rf6
41. gxf5+ Kf7 42. Ng4 Nxf5 43. Nxf6 Kxf6 44. Re1 e3 45. Kg2 Ke6 46. Kf3 Rc7 47.
Rg1 b5 48. Ke4 Ne7 49. f5+ Kd7 50. Rd4 e2 51. f6 Ng6 52. Kd3 bxc4+ 53. bxc4 Rc5
54. Kxe2 Re5+ 55. Kd1 Rf5 56. h4 Kc6 57. Rg5 Rxf6 58. Rh5 Ne5 59. Rxh7 Kc5 60.
Re4 Rf2 61. Re2 Rf4 62. h5 Kxc4 63. Kc2 Nf3 64. Rc7+ Kd5 65. Kc3 Rh4 66. Rf2
Ne5 67. Rh7 a5 68. h6 Rc4+ 69. Kd2 Rb4 70. Rc7 Rb2+ 71. Rc2 Rb7 72. Rc3 Rb2+
73. Ke1 Rb1+ 74. Ke2 Kd4 75. Rc2 Rh1 76. Rd2+ Kc5 77. Rf5 Rxh6 78. Rf8 Re6 79.
Rc8+ Nc6+ 80. Kd1 d5 81. Rc2+ Kb6 82. Rb2+ Ka7 83. Kd2 Re4 84. Rxc6 1-0